The Ghost in the Crystal / (Record no. 87742)

MARC details
000 -LEADER
fixed length control field 00607nam a22001937a 4500
005 - DATE AND TIME OF LATEST TRANSACTION
control field 20140808160730.0
010 ## - LCCN (DPL NO)
LC control number B-506337-342
020 ## - INTERNATIONAL STANDARD BOOK NUMBER
International Standard Book Number 9789380828831
Terms of availability 345.00
035 ## - SYSTEM CONTROL NUMBER
System control number B-506337-342
037 ## - SOURCE OF ACQUISITION
Stock number dpl
Source of stock number/acquisition KBD
082 ## - DEWEY DECIMAL CLASSIFICATION NUMBER
Classification number S
100 ## - MAIN ENTRY--PERSONAL NAME
Personal name Posner, Matt
245 ## - TITLE STATEMENT
Title The Ghost in the Crystal /
Statement of responsibility, etc by Matt Posner
260 ## - PUBLICATION, DISTRIBUTION, ETC. (IMPRINT)
Place of publication, distribution, etc New Delhi
Name of publisher, distributor, etc Vitasta Publishing Pvt. Ltd.
Date of publication, distribution, etc 2012
270 ## - ADDRESS
Address 2/15, Ansari Road, Daryaganj
City New Delhi
Postal code 110002
300 ## - PHYSICAL DESCRIPTION
Extent 343p.
Dimensions 20cm(pbk)
942 ## - ADDED ENTRY ELEMENTS (KOHA)
Source of classification or shelving scheme Dewey Decimal Classification
Item type English Books
Classification part S
Call number suffix POS
Holdings
Withdrawn status Lost status Not for loan Collection code Home library Current library Date acquired Source of acquisition Cost, normal purchase price Full call number Barcode Copy number Cost, replacement price Koha item type Public note
      Fiction Bawana Bawana 08/08/2014 KBD/BL22/19.03.2013/171/19.03.2013/22.03.2013 345.00 S POS B-506341 1 345.00 English Books  
      Fiction Central Library Central Library 08/08/2014 KBD/BL22/19.03.2013/171/19.03.2013/22.03.2013 345.00 S POS B-506337 1 345.00 English Books Legal Case (Register 2019)
      Fiction Janak Puri Janak Puri 08/08/2014 KBD/BL22/19.03.2013/171/19.03.2013/22.03.2013 345.00 S POS B-506339 1 345.00 English Books  
      Fiction Patel Nagar Patel Nagar 08/08/2014 KBD/BL22/19.03.2013/171/19.03.2013/22.03.2013 345.00 S POS B-506338 1 345.00 English Books  
      Fiction Sarojini Nagar Sarojini Nagar 08/08/2014 KBD/BL22/19.03.2013/171/19.03.2013/22.03.2013 345.00 S POS B-506340 1 345.00 English Books  
      Fiction Shahdara Branch Shahdara Branch 08/08/2014 KBD/BL22/19.03.2013/171/19.03.2013/22.03.2013 345.00 S POS B-506342 1 345.00 English Books  

© Delhi Public Library
Hit Counter
free hit counter